[Event "Women's Speed Chess Q3 KO"]
[Site "chess.com INT"]
[Date "2021.05.30"]
[Round "1.1"]
[White "Assaubayeva, Bibisara"]
[Black "Balabayeva, Xeniya"]
[Result "1-0"]
[WhiteTitle "IM"]
[BlackTitle "WFM"]
[WhiteElo "2381"]
[BlackElo "2178"]
[WhiteFideId "13708694"]
[BlackFideId "13719688"]
[EventDate "2021.05.30"]

1. d4 Nf6 2. c4 e6 3. Nf3 d5 4. Nc3 Bb4 5. Qa4+ Nc6 6. e3 O-O 7. Bd2 Bd7 8. Qc2
Qe7 9. a3 Bxc3 10. Bxc3 Rfe8 11. Bd3 a5 12. O-O h6 13. Ne5 dxc4 14. Bxc4 Nxe5
15. dxe5 Nd5 16. Bd2 Bc6 17. e4 Nb6 18. Bd3 Rad8 19. Bxa5 Nd7 20. Bxc7 Rc8 21.
Bd6 Qg5 22. f4 Qd8 23. Qf2 f6 24. Rad1 Qb6 25. Qxb6 Nxb6 26. exf6 gxf6 27. e5 f5
28. Be2 Na4 29. Rd2 Red8 30. Bf3 Bxf3 31. Rxf3 Rc1+ 32. Kf2 Rdc8 33. Rfd3 R8c2
34. b3 Nb2 35. Rd4 Nd1+ 36. Kg3 Nc3 37. Rxc2 Ne4+ 38. Rxe4 Rxc2 39. Rd4 Rc3+ 40.
Kh4 Rxb3 41. Kh5 1-0

[Event "Women's Speed Chess Q3 KO"]
[Site "chess.com INT"]
[Date "2021.05.30"]
[Round "1.1"]
[White "Bodnaruk, Anastasia"]
[Black "Padmini, Rout"]
[Result "0-1"]
[WhiteTitle "IM"]
[BlackTitle "IM"]
[WhiteElo "2457"]
[BlackElo "2370"]
[WhiteFideId "4181751"]
[BlackFideId "5029295"]
[EventDate "2021.05.30"]

1. e4 c5 2. Nc3 e6 3. g3 Nc6 4. Bg2 Nd4 5. d3 Ne7 6. f4 Nec6 7. Nf3 Be7 8. O-O
d6 9. Nxd4 cxd4 10. Ne2 O-O 11. c3 dxc3 12. bxc3 d5 13. e5 f6 14. d4 b6 15. Be3
f5 16. h3 Ba6 17. g4 Rf7 18. Kh2 Bf8 19. Bf3 Ne7 20. g5 g6 21. Rg1 Rc8 22. Rc1
Nc6 23. Qa4 Na5 24. Rc2 Qd7 25. Qxd7 Rxd7 26. Rgc1 Rdc7 27. Bd2 Ba3 28. Kg2 Bd3
29. Kf2 Bxc1 30. Rxc1 Nc4 31. Be1 Kf7 32. h4 Kg7 33. Ng3 Be4 34. h5 Bxf3 35.
Kxf3 Na3 36. Ke2 Nb5 37. Kd3 Rc4 38. Ne2 Ra4 39. Rc2 Na3 40. Rc1 Nc4 41. Rc2 b5
42. h6+ Kf7 43. Nc1 Ra3 44. Nb3 a5 45. Nc5 b4 46. Ke2 bxc3 47. Bxc3 Rb8 48. Kd3
Rb1 49. Na6 Rd1+ 50. Ke2 Rh1 51. Nc7 Rh2+ 52. Kd3 Rxc2 53. Kxc2 Rxa2+ 54. Kb3
Rf2 55. Nb5 Rxf4 56. Nd6+ Nxd6 57. exd6 Ke8 58. Bxa5 Rf3+ 59. Kb4 Kd7 60. Kc5
Rg3 0-1

[Event "Women's Speed Chess Q3 KO"]
[Site "chess.com INT"]
[Date "2021.05.30"]
[Round "1.2"]
[White "Balabayeva, Xeniya"]
[Black "Assaubayeva, Bibisara"]
[Result "1-0"]
[WhiteTitle "WFM"]
[BlackTitle "IM"]
[WhiteElo "2178"]
[BlackElo "2381"]
[WhiteFideId "13719688"]
[BlackFideId "13708694"]
[EventDate "2021.05.30"]

1. e4 e5 2. Nf3 Nc6 3. Nc3 Nf6 4. Bb5 Nd4 5. Bc4 Nxf3+ 6. Qxf3 Be7 7. h3 c6 8.
a4 O-O 9. d3 d6 10. Bd2 Be6 11. Bxe6 fxe6 12. Qe2 a5 13. O-O Qd7 14. f4 exf4 15.
Bxf4 e5 16. Bd2 Bd8 17. Rf3 Bb6+ 18. Kh2 Rf7 19. Raf1 Raf8 20. Nd1 Bc7 21. Qe1
d5 22. Nf2 dxe4 23. Nxe4 Nxe4 24. Qxe4 Rxf3 25. Rxf3 Rxf3 26. gxf3 Qe6 27. Bc3
Qd5 28. Kg3 Qxe4 29. dxe4 Kf7 30. Kg4 Ke6 31. h4 b6 32. h5 Bd8 33. Bd2 h6 34.
Be3 c5 35. Bf2 Be7 36. Bg3 Bf6 37. c3 Be7 38. f4 exf4 39. Bxf4 Bf6 40. Bc7 c4
41. Bxb6 Ke5 42. Kf3 Bg5 43. Bxa5 Bc1 44. Bc7+ Ke6 45. Bb6 Bxb2 46. Bd4 Kf7 47.
a5 Ba3 48. a6 1-0

[Event "Women's Speed Chess Q3 KO"]
[Site "chess.com INT"]
[Date "2021.05.30"]
[Round "1.2"]
[White "Cori T., Deysi"]
[Black "Pham, Le Thao Nguyen"]
[Result "1-0"]
[WhiteTitle "WGM"]
[BlackTitle "IM"]
[WhiteElo "2388"]
[BlackElo "2369"]
[WhiteFideId "3801934"]
[BlackFideId "12401226"]
[EventDate "2021.05.30"]

1. d4 d5 2. Nf3 c6 3. e3 Nf6 4. Bd3 Bg4 5. O-O Nbd7 6. h3 Bh5 7. c4 e6 8. Nc3
Bg6 9. Qe2 Ne4 10. Rd1 Bd6 11. Bxe4 dxe4 12. Ne5 Bxe5 13. dxe5 Qc7 14. Rd6 Nxe5
15. c5 O-O 16. b4 Rfd8 17. Qd1 Nc4 18. Rxd8+ Rxd8 19. Qb3 Ne5 20. Bb2 Nd3 21.
Rd1 h6 22. Ba1 Qe7 23. Ne2 Qg5 24. Qc3 Bf5 25. Nf4 f6 26. g3 e5 27. Qc4+ Kh7 28.
Ne6 Bxe6 29. Qxe6 Qh5 30. g4 Qxh3 31. Qf5+ Kh8 32. Qxe4 Rd5 33. Rxd3 Rxd3 34.
Qxd3 Qxg4+ 35. Kf1 Qxb4 36. Qd8+ Kh7 37. Qd3+ e4 38. Qd4 Qb1+ 39. Kg2 1-0

[Event "Women's Speed Chess Q3 KO"]
[Site "chess.com INT"]
[Date "2021.05.30"]
[Round "1.2"]
[White "Padmini, Rout"]
[Black "Bodnaruk, Anastasia"]
[Result "0-1"]
[WhiteTitle "IM"]
[BlackTitle "IM"]
[WhiteElo "2370"]
[BlackElo "2457"]
[WhiteFideId "5029295"]
[BlackFideId "4181751"]
[EventDate "2021.05.30"]

1. e4 c5 2. Nf3 d6 3. c3 Nf6 4. Be2 Bd7 5. d3 g6 6. O-O Bg7 7. Re1 O-O 8. Nbd2
Nc6 9. Bf1 b5 10. d4 b4 11. d5 Na5 12. c4 e6 13. Rb1 exd5 14. exd5 Nb7 15. Bd3
Ng4 16. h3 Ne5 17. Nxe5 dxe5 18. Nf3 Re8 19. b3 f5 20. Bc2 e4 21. Ng5 Bd4 22.
Ne6 Bxe6 23. dxe6 Rxe6 24. Be3 Rd6 25. Qe2 Qf6 26. Bf4 Rd7 27. Kh1 Rad8 28. Rbd1
Re8 29. Bh2 Nd8 30. Rd2 Ne6 31. Red1 h5 32. g4 hxg4 33. hxg4 Rh7 34. gxf5 Qh4
35. f4 Nxf4 36. Qe1 Qxe1+ 37. Rxe1 Bc3 38. Rdd1 Bxe1 39. Rxe1 gxf5 40. Rg1+ Kf7
41. Rg5 Ke6 42. Kg1 Nh3+ 43. Kg2 Nxg5 44. Bf4 Nf3 45. Bd1 Rg8+ 46. Kf2 Nd4 47.
Ke3 Rh3+ 0-1

[Event "Women's Speed Chess Q3 KO"]
[Site "chess.com INT"]
[Date "2021.05.30"]
[Round "1.2"]
[White "Voit, Daria"]
[Black "Bivol, Alina"]
[Result "1-0"]
[WhiteTitle "WGM"]
[BlackTitle "WGM"]
[WhiteElo "2360"]
[BlackElo "2385"]
[WhiteFideId "4182146"]
[BlackFideId "4100123"]
[EventDate "2021.05.30"]

1. Nf3 d5 2. c4 Nf6 3. cxd5 Nxd5 4. e4 Nf6 5. Nc3 Nc6 6. d4 Bg4 7. Be3 e6 8. a3
Be7 9. Be2 O-O 10. O-O Bh5 11. Qa4 h6 12. Rfd1 Qc8 13. Rac1 Rd8 14. b4 Ng4 15.
b5 Nxe3 16. fxe3 Nb8 17. e5 Nd7 18. Ne4 Nb6 19. Qb3 Nd5 20. a4 a6 21. bxa6 bxa6
22. Nc5 Bxc5 23. Rxc5 Rb8 24. Qd3 Qb7 25. Rdc1 Qb2 26. Bf1 Rb3 27. Qxa6 Nxe3 28.
Qe2 Qa3 29. Rxc7 Bxf3 30. Qxf3 Nd5 31. Qxf7+ Kh8 32. Qxg7# 1-0

[Event "Women's Speed Chess Q3 KO"]
[Site "chess.com INT"]
[Date "2021.05.30"]
[Round "1.3"]
[White "Assaubayeva, Bibisara"]
[Black "Balabayeva, Xeniya"]
[Result "1/2-1/2"]
[WhiteTitle "IM"]
[BlackTitle "WFM"]
[WhiteElo "2381"]
[BlackElo "2178"]
[WhiteFideId "13708694"]
[BlackFideId "13719688"]
[EventDate "2021.05.30"]

1. d4 Nf6 2. c4 e6 3. Nf3 b6 4. a3 Bb7 5. Bf4 d6 6. Nc3 Nbd7 7. Qc2 c5 8. Rd1
cxd4 9. Nxd4 e5 10. Nf5 exf4 11. Nb5 Ne4 12. f3 a6 13. fxe4 axb5 14. e3 Rc8 15.
exf4 g6 16. Nxd6+ Bxd6 17. Rxd6 Qe7 18. Rd4 O-O 19. Be2 bxc4 20. O-O b5 21. Kh1
Nc5 22. e5 Rfd8 23. Rfd1 Rxd4 24. Rxd4 Rd8 25. Qd2 Ne6 26. Rd6 Rxd6 27. exd6 Qd7
28. Bg4 f5 29. Bd1 Kf7 30. b3 Bc6 31. bxc4 bxc4 32. Be2 Bb5 33. Qd5 Kf6 34. Qe5+
Kf7 35. Qd5 Qc6 36. Qe5 Qd7 37. Qd5 1/2-1/2

[Event "Women's Speed Chess Q3 KO"]
[Site "chess.com INT"]
[Date "2021.05.30"]
[Round "1.3"]
[White "Bivol, Alina"]
[Black "Voit, Daria"]
[Result "0-1"]
[WhiteTitle "WGM"]
[BlackTitle "WGM"]
[WhiteElo "2385"]
[BlackElo "2360"]
[WhiteFideId "4100123"]
[BlackFideId "4182146"]
[EventDate "2021.05.30"]

1. e4 c6 2. d4 d5 3. e5 Bf5 4. h4 h5 5. Bd3 Bxd3 6. Qxd3 Qa5+ 7. Nd2 e6 8. Nf3
Nh6 9. c4 Nf5 10. O-O Be7 11. g3 O-O 12. c5 b6 13. cxb6 axb6 14. Ng5 Bxg5 15.
hxg5 c5 16. dxc5 bxc5 17. Nf3 Nc6 18. Bd2 Qa4 19. b3 Qe4 20. Ne1 Nxe5 21. Qxe4
dxe4 22. Bf4 Nd3 23. Nxd3 exd3 24. Kg2 Rfd8 25. Rfd1 f6 26. gxf6 gxf6 27. a4 e5
28. Bd2 Nd4 29. Rdb1 Rdb8 30. b4 cxb4 31. Bxb4 Nc2 32. Bd6 Rxb1 33. Rxb1 Rxa4
34. Be7 Kf7 35. Rb7 Ke6 36. Bd8 Ra6 37. Re7+ Kf5 38. Rd7 Ke6 39. Rxd3 Ne1+ 0-1

[Event "Women's Speed Chess Q3 KO"]
[Site "chess.com INT"]
[Date "2021.05.30"]
[Round "1.3"]
[White "Bodnaruk, Anastasia"]
[Black "Padmini, Rout"]
[Result "0-1"]
[WhiteTitle "IM"]
[BlackTitle "IM"]
[WhiteElo "2457"]
[BlackElo "2370"]
[WhiteFideId "4181751"]
[BlackFideId "5029295"]
[EventDate "2021.05.30"]

1. e4 c5 2. b3 Nc6 3. Bb2 e6 4. Nf3 Nf6 5. Nc3 d6 6. d4 cxd4 7. Nxd4 Be7 8. Be2
O-O 9. O-O a6 10. Kh1 Bd7 11. f4 Nxd4 12. Qxd4 Bc6 13. a4 d5 14. e5 Ne4 15. Nxe4
dxe4 16. Qe3 Qa5 17. Bc3 Bb4 18. Bd4 Qc7 19. Rfd1 Be7 20. Bb6 Qc8 21. c4 f6 22.
Bg4 fxe5 23. fxe5 Kh8 24. Qh3 Bg5 25. Bxe6 Qe8 26. Bd4 Bh6 27. Bc3 Qg6 28. Rf1
e3 29. Bd5 Qc2 30. Bb4 Rxf1+ 31. Rxf1 e2 32. Re1 Bd2 33. Bxd2 Qxd2 34. Qg3 Rf8
35. Bf3 Bxf3 36. gxf3 h6 37. Kg2 Qe3 38. Qf2 Qxe5 39. Rxe2 Qg5+ 40. Qg3 Qc1 41.
Qe5 Rf6 42. Qe8+ Kh7 43. Qe4+ Rg6+ 44. Kh3 Qf1+ 45. Kh4 Qg1 46. Qf5 Qf1 47. Re6
Qf2+ 48. Kh3 Qg2+ 49. Kh4 Qxh2+ 50. Qh3 Qf4+ 51. Qg4 Rxg4+ 52. fxg4 Qh2# 0-1

[Event "Women's Speed Chess Q3 KO"]
[Site "chess.com INT"]
[Date "2021.05.30"]
[Round "1.3"]
[White "Pham, Le Thao Nguyen"]
[Black "Cori T., Deysi"]
[Result "1/2-1/2"]
[WhiteTitle "IM"]
[BlackTitle "WGM"]
[WhiteElo "2369"]
[BlackElo "2388"]
[WhiteFideId "12401226"]
[BlackFideId "3801934"]
[EventDate "2021.05.30"]

1. d4 Nf6 2. Nf3 e6 3. Bf4 c5 4. e3 Nc6 5. c3 Qb6 6. Qb3 Nd5 7. Bg3 Na5 8. Qc2
cxd4 9. exd4 Bd6 10. Nbd2 Bxg3 11. hxg3 Nf6 12. Bd3 d6 13. Nb3 Bd7 14. Nxa5 Qxa5
15. Qe2 Rc8 16. Nd2 Bc6 17. f3 b5 18. a3 Qc7 19. Kf2 a6 20. Rae1 h5 21. Qe3 Qe7
22. Ne4 Bxe4 23. Bxe4 a5 24. Bd3 b4 25. axb4 axb4 26. cxb4 Qb7 27. b5 Qb6 28. g4
Nd5 29. Qe4 Nf6 30. Qf4 Nd5 31. Qe4 Nf6 32. Qe3 Nd5 1/2-1/2

[Event "Women's Speed Chess Q3 KO"]
[Site "chess.com INT"]
[Date "2021.05.30"]
[Round "1.4"]
[White "Balabayeva, Xeniya"]
[Black "Assaubayeva, Bibisara"]
[Result "1/2-1/2"]
[WhiteTitle "WFM"]
[BlackTitle "IM"]
[WhiteElo "2178"]
[BlackElo "2381"]
[WhiteFideId "13719688"]
[BlackFideId "13708694"]
[EventDate "2021.05.30"]

1. e4 c5 2. Nf3 d6 3. Bb5+ Nd7 4. Ba4 g6 5. O-O Bg7 6. c3 Nf6 7. Re1 O-O 8. d4
cxd4 9. cxd4 e5 10. dxe5 Nxe5 11. Nxe5 dxe5 12. Nc3 Be6 13. Bg5 Qb6 14. Qe2 Rfd8
15. h3 h6 16. Bxf6 Bxf6 17. Rad1 Rd4 18. Rxd4 exd4 19. Nd5 Bxd5 20. exd5 Rd8 21.
Bb3 Kg7 22. Qd3 a5 23. g3 a4 24. Bxa4 Rxd5 25. Bb3 Rd7 26. Kg2 Qc6+ 27. Re4 Re7
28. f3 Rd7 29. h4 Qc1 30. Re2 Rc7 31. Qd2 Qxd2 32. Rxd2 Rc1 33. Rd1 Rc5 34. Rd2
Re5 35. Kf2 Re3 36. Bc4 h5 37. Bd3 Re6 38. Be4 Rb6 39. b3 Be5 40. f4 Bf6 41. Ke2
Kf8 42. Kd3 Rd6 43. Rc2 b6 44. Rc7 Rd8 45. Rb7 Rd6 46. Rb8+ Kg7 47. Rb7 Kf8 48.
Rc7 Kg7 49. a4 Kf8 50. b4 Bd8 51. Rc6 Rxc6 52. Bxc6 Ke7 53. Kxd4 Kd6 54. Bd5 f6
55. Kc4 g5 56. hxg5 fxg5 57. fxg5 Bxg5 58. Bf3 h4 59. gxh4 Bxh4 60. Kb5 Bd8 61.
Bg2 Kc7 62. Ka6 Kd6 63. Bf3 Kc7 64. b5 Kb8 65. Bc6 Bc7 66. Bf3 Bd8 67. Bc6 Bc7
68. Be4 Bd8 69. Bc6 1/2-1/2

[Event "Women's Speed Chess Q3 KO"]
[Site "chess.com INT"]
[Date "2021.05.30"]
[Round "1.4"]
[White "Cori T., Deysi"]
[Black "Pham, Le Thao Nguyen"]
[Result "1-0"]
[WhiteTitle "WGM"]
[BlackTitle "IM"]
[WhiteElo "2388"]
[BlackElo "2369"]
[WhiteFideId "3801934"]
[BlackFideId "12401226"]
[EventDate "2021.05.30"]

1. d4 d5 2. Nf3 c6 3. e3 Nf6 4. c4 Bg4 5. Nbd2 e6 6. h3 Bh5 7. Bd3 Nbd7 8. O-O
Be7 9. b3 O-O 10. Bb2 Bg6 11. Qe2 Ne4 12. Rfd1 f5 13. Rac1 Bh5 14. Rc2 Bd6 15.
Qf1 Qf6 16. Rdc1 Rae8 17. a3 Bb8 18. b4 Qh6 19. b5 Nxd2 20. Nxd2 f4 21. e4 f3
22. g3 Bg6 23. e5 Bxd3 24. Qxd3 Qxh3 25. Nxf3 dxc4 26. Rxc4 cxb5 27. R4c2 a6 28.
Qe4 Nb6 29. Rc5 Nd5 30. Rxd5 exd5 31. Qxd5+ Kh8 32. Rc3 Ba7 33. Rc7 Qf5 34. Kg2
Bb8 35. Rxb7 g5 36. Qd7 Qxd7 37. Rxd7 g4 38. Ng5 h6 39. Nf7+ Kh7 40. Nd6+ Kg6
41. Nxe8 Rxe8 42. Rb7 h5 43. Rb6+ Kf5 44. Rxa6 Rc8 45. Rf6+ 1-0

[Event "Women's Speed Chess Q3 KO"]
[Site "chess.com INT"]
[Date "2021.05.30"]
[Round "1.5"]
[White "Assaubayeva, Bibisara"]
[Black "Balabayeva, Xeniya"]
[Result "1-0"]
[WhiteTitle "IM"]
[BlackTitle "WFM"]
[WhiteElo "2381"]
[BlackElo "2178"]
[WhiteFideId "13708694"]
[BlackFideId "13719688"]
[EventDate "2021.05.30"]

1. d4 Nf6 2. c4 e6 3. Nf3 b6 4. g3 Bb7 5. Bg2 Bb4+ 6. Bd2 Bxd2+ 7. Qxd2 O-O 8.
O-O d5 9. Nc3 Nbd7 10. Qc2 Rc8 11. Rad1 Qe7 12. Ne5 Ba8 13. Qa4 a5 14. Nxd7 Nxd7
15. cxd5 exd5 16. Nxd5 Qd6 17. Nc3 Bxg2 18. Kxg2 f5 19. Qb3+ Kh8 20. Qd5 Qe7 21.
Qf3 Rce8 22. e3 Qf7 23. Rc1 g6 24. b3 Nf6 25. Nb5 Re7 26. Rc6 Ne4 27. Rc2 Rfe8
28. Nc3 Nd6 29. Rfc1 Ne4 30. Nxe4 Rxe4 31. Rxc7 Qe6 32. R7c6 Qd7 33. Kg1 Qe7 34.
Rc8 Qd7 35. Rxe8+ Qxe8 36. Qe2 Rxd4 37. Qb2 1-0

[Event "Women's Speed Chess Q3 KO"]
[Site "chess.com INT"]
[Date "2021.05.30"]
[Round "2.1"]
[White "Assaubayeva, Bibisara"]
[Black "Cori T., Deysi"]
[Result "1-0"]
[WhiteTitle "IM"]
[BlackTitle "WGM"]
[WhiteElo "2381"]
[BlackElo "2388"]
[WhiteFideId "13708694"]
[BlackFideId "3801934"]
[EventDate "2021.05.30"]

1. d4 Nf6 2. c4 e6 3. Nf3 b6 4. g3 Bb7 5. Bg2 g6 6. O-O Bg7 7. Qc2 O-O 8. Nc3 d6
9. e4 Nbd7 10. Bg5 h6 11. Bd2 c5 12. d5 e5 13. Ne1 Qe7 14. Nd3 a6 15. a3 Nh7 16.
b4 f5 17. bxc5 dxc5 18. f4 exf4 19. Nxf4 Qd6 20. Ne6 Nhf6 21. exf5 g5 22. Rae1
Ng4 23. Nxg7 Kxg7 24. Re6 Qc7 25. d6 Qc8 26. Re7+ Rf7 27. Bxb7 Qxb7 28. Nd5 Rf8
29. Bc3+ Kg8 30. f6 Nde5 31. Rxb7 Rxb7 32. Bxe5 Nxe5 33. Qf5 Nf7 34. Qg6+ Kh8
35. Qg7# 1-0

[Event "Women's Speed Chess Q3 KO"]
[Site "chess.com INT"]
[Date "2021.05.30"]
[Round "2.2"]
[White "Cori T., Deysi"]
[Black "Assaubayeva, Bibisara"]
[Result "1-0"]
[WhiteTitle "WGM"]
[BlackTitle "IM"]
[WhiteElo "2388"]
[BlackElo "2381"]
[WhiteFideId "3801934"]
[BlackFideId "13708694"]
[EventDate "2021.05.30"]

1. d4 Nf6 2. Nf3 g6 3. g3 Bg7 4. Bg2 O-O 5. O-O d5 6. Ne5 c6 7. c4 Ng4 8. Nxg4
Bxg4 9. cxd5 cxd5 10. Nc3 Nc6 11. Nxd5 Nxd4 12. Qa4 e6 13. Nc3 Nxe2+ 14. Kh1
Nxc3 15. bxc3 Bf5 16. Ba3 Re8 17. Bxb7 Rb8 18. Bc6 Bxc3 19. Rad1 Qc8 20. Bxe8
Qxe8 21. Qxe8+ Rxe8 22. f3 Ba5 23. Rf2 Bb6 24. Re2 Rc8 25. g4 Bc2 26. Rc1 1-0

[Event "Women's Speed Chess Q3 KO"]
[Site "chess.com INT"]
[Date "2021.05.30"]
[Round "2.2"]
[White "Padmini, Rout"]
[Black "Voit, Daria"]
[Result "0-1"]
[WhiteTitle "IM"]
[BlackTitle "WGM"]
[WhiteElo "2370"]
[BlackElo "2360"]
[WhiteFideId "5029295"]
[BlackFideId "4182146"]
[EventDate "2021.05.30"]

1. e4 c6 2. Nc3 d5 3. Nf3 dxe4 4. Nxe4 Nf6 5. Nxf6+ exf6 6. d4 Bd6 7. Be2 O-O 8.
O-O Re8 9. c3 Bg4 10. h3 Bh5 11. Be3 Nd7 12. Qd2 Nf8 13. Rae1 Qd7 14. Bd1 Bc7
15. Bf4 Bd6 16. Bxd6 Qxd6 17. Nh2 Bxd1 18. Qxd1 Ng6 19. Qd2 Nf4 20. Re3 Nd5 21.
Rxe8+ Rxe8 22. Re1 Re6 23. Nf3 h6 24. g3 Nb6 25. b3 Qe7 26. Rxe6 fxe6 27. c4 Nd7
28. Kg2 Qd6 29. Qe3 Nf8 30. h4 a6 31. h5 Qa3 32. Qe2 Qc1 33. Qd2 Qxd2 34. Nxd2
Kf7 35. Ne4 Ke7 36. Nc5 b6 37. Nxa6 Nd7 38. Nb4 Kd6 39. Nd3 f5 40. Kf3 Nf6 41.
Ke3 Nxh5 42. b4 Nf6 43. f3 Nd7 44. a4 g5 45. b5 cxb5 46. axb5 h5 47. Nb4 e5 48.
dxe5+ Nxe5 49. Nd5 Nxc4+ 50. Kd4 Ne5 51. f4 gxf4 52. gxf4 Nd7 53. Ne3 Ke6 54.
Ng2 Nf6 55. Nh4 Nd5 56. Nf3 Nxf4 57. Ng5+ Kf6 58. Nf3 Ng6 59. Kd5 h4 60. Kc6
Ne5+ 61. Nxe5 Kxe5 62. Kxb6 h3 63. Kc7 h2 64. b6 h1=Q 65. b7 Qxb7+ 66. Kxb7 f4 0-1

[Event "Women's Speed Chess Q3 KO"]
[Site "chess.com INT"]
[Date "2021.05.30"]
[Round "2.3"]
[White "Assaubayeva, Bibisara"]
[Black "Cori T., Deysi"]
[Result "1-0"]
[WhiteTitle "IM"]
[BlackTitle "WGM"]
[WhiteElo "2381"]
[BlackElo "2388"]
[WhiteFideId "13708694"]
[BlackFideId "3801934"]
[EventDate "2021.05.30"]

1. d4 Nf6 2. c4 g6 3. Nc3 Bg7 4. e4 d6 5. Be2 O-O 6. Be3 a6 7. Nf3 Bg4 8. O-O
Nfd7 9. h3 Bxf3 10. Bxf3 c5 11. d5 b5 12. Qd2 bxc4 13. Be2 Ne5 14. f4 Nd3 15.
Bxd3 cxd3 16. Qxd3 Nd7 17. Rae1 Qa5 18. Bd2 Qb4 19. b3 Qd4+ 20. Qxd4 cxd4 21.
Na4 Rfc8 22. Rc1 d3 23. Kf2 Bd4+ 24. Be3 Bg7 25. Rc6 f5 26. exf5 gxf5 27. Rfc1
Re8 28. Rd1 Nf6 29. Rxd3 Ne4+ 30. Kf3 Rec8 31. g4 Rxc6 32. dxc6 Rc8 33. gxf5 Nf6
34. Rc3 Nd5 35. Rc1 Nb4 36. c7 Nd5 37. Bb6 Bb2 38. Rc2 Ba3 39. Ba5 Kf7 40. Ke4
Nf6+ 41. Kd4 Ne8 42. b4 Kf6 43. Rc3 Bxb4 44. Bxb4 Nxc7 45. Kd3 Kxf5 46. Ba5 Rg8
47. Rxc7 Rg3+ 48. Kc4 Ke6 49. Nc3 Rxh3 50. Nd5 Rh4 51. Rxe7+ Kf5 52. Bc7 Rh1 53.
Bxd6 h5 54. Re5+ Kg4 55. Rg5+ Kf3 56. f5 h4 57. f6 Rc1+ 58. Kb3 Rd1 59. f7 Rd3+
60. Kc2 Ke2 61. Nf4+ Ke3 62. Nxd3 h3 63. f8=Q h2 64. Qf4+ Ke2 65. Qf2# 1-0

[Event "Women's Speed Chess Q3 KO"]
[Site "chess.com INT"]
[Date "2021.05.30"]
[Round "2.3"]
[White "Voit, Daria"]
[Black "Padmini, Rout"]
[Result "1-0"]
[WhiteTitle "WGM"]
[BlackTitle "IM"]
[WhiteElo "2360"]
[BlackElo "2370"]
[WhiteFideId "4182146"]
[BlackFideId "5029295"]
[EventDate "2021.05.30"]

1. d4 Nf6 2. Nf3 c5 3. d5 d6 4. Nc3 g6 5. e4 Bg7 6. Bb5+ Bd7 7. a4 O-O 8. O-O a6
9. Be2 Bg4 10. Nd2 Bxe2 11. Qxe2 Nbd7 12. a5 b5 13. axb6 Qxb6 14. Nc4 Qc7 15.
Bd2 Nb6 16. Na5 c4 17. Be3 Nfd7 18. Nc6 Rfe8 19. Rfd1 e6 20. Na5 exd5 21. exd5
Re7 22. Qf3 Ne5 23. Qf4 Ree8 24. h3 h6 25. Qg3 Kh7 26. Bd4 Ned7 27. Bxg7 Kxg7
28. Qf4 Nf6 29. Qd4 Re5 30. f4 Re7 31. Re1 Rae8 32. Rxe7 Rxe7 33. Nc6 Re8 34.
Rxa6 Qb7 35. Ra7 Qc8 36. Qxb6 Qf5 37. Qf2 Nxd5 38. Nxd5 Qxd5 39. Qd4+ Qxd4+ 40.
Nxd4 Re4 41. c3 Rxf4 42. Ne6+ Kf6 43. Nxf4 1-0

[Event "Women's Speed Chess Q3 KO"]
[Site "chess.com INT"]
[Date "2021.05.30"]
[Round "3.1"]
[White "Assaubayeva, Bibisara"]
[Black "Voit, Daria"]
[Result "1/2-1/2"]
[WhiteTitle "IM"]
[BlackTitle "WGM"]
[WhiteElo "2381"]
[BlackElo "2360"]
[WhiteFideId "13708694"]
[BlackFideId "4182146"]
[EventDate "2021.05.30"]

1. d4 Nf6 2. c4 e6 3. Nf3 Bb4+ 4. Nbd2 O-O 5. a3 Bxd2+ 6. Qxd2 b6 7. g3 Bb7 8.
Bg2 d6 9. b4 Nbd7 10. Bb2 c5 11. O-O Qc7 12. Rac1 Rfd8 13. Rfd1 a5 14. dxc5 dxc5
15. b5 Ne8 16. Qc2 f6 17. Rd2 Nf8 18. Rcd1 Rxd2 19. Qxd2 Kf7 20. h4 Ke7 21. Qc2
Rd8 22. h5 Rxd1+ 23. Qxd1 Qd6 24. Qc2 Qd7 25. h6 g6 26. Nd2 Bxg2 27. Kxg2 Nd6
28. f3 e5 29. Qd3 Ne6 30. Qd5 Qb7 31. Qd3 Qd7 32. Qd5 Qb7 33. Qd3 Qd7 1/2-1/2

[Event "Women's Speed Chess Q3 KO"]
[Site "chess.com INT"]
[Date "2021.05.30"]
[Round "3.2"]
[White "Voit, Daria"]
[Black "Assaubayeva, Bibisara"]
[Result "0-1"]
[WhiteTitle "WGM"]
[BlackTitle "IM"]
[WhiteElo "2360"]
[BlackElo "2381"]
[WhiteFideId "4182146"]
[BlackFideId "13708694"]
[EventDate "2021.05.30"]

1. Nf3 Nf6 2. d4 g6 3. c4 Bg7 4. Nc3 O-O 5. g3 Nc6 6. Bg2 d5 7. Ne5 dxc4 8. Nxc6
bxc6 9. Bxc6 Rb8 10. O-O Bh3 11. Bg2 Bxg2 12. Kxg2 Nd5 13. e3 c5 14. Qf3 Nb4 15.
Rd1 cxd4 16. exd4 Nc2 17. Rb1 Nxd4 18. Qe4 e5 19. Be3 Qa5 20. Qd5 Qxd5+ 21. Nxd5
Rb7 22. f4 Nf5 23. Bc5 Rc8 24. Bf2 exf4 25. g4 Ne3+ 26. Nxe3 fxe3 27. Bxe3 Rxb2+
28. Kf3 c3 29. Rbc1 Rxa2 30. Rd7 Rxh2 31. Rxa7 Rh3+ 32. Ke2 Rxe3+ 33. Kxe3 Bh6+
34. Kd3 Bxc1 0-1